LEADER 05137nam 2200697Ia 450 001 9910454148103321 005 20200520144314.0 010 $a1-281-97821-3 035 $a(CKB)1000000000722121 035 $a(EBL)3052905 035 $a(OCoLC)922953825 035 $a(SSID)ssj0000486443 035 $a(PQKBManifestationID)11311188 035 $a(PQKBTitleCode)TC0000486443 035 $a(PQKBWorkID)10429883 035 $a(PQKB)10524895 035 $a(MiAaPQ)EBC3052905 035 $a(Au-PeEL)EBL3052905 035 $a(CaPaEBR)ebr10274596 035 $a(CaONFJC)MIL197821 035 $a(EXLCZ)991000000000722121 100 $a19910827d1992 uy 0 101 0 $aeng 135 $aur|n|---||||| 181 $ctxt 182 $cc 183 $acr 200 10$aPeasants versus city-dwellers$b[electronic resource] $etaxation and the burden of economic development /$fRaaj K. Sah, Joseph E. Stiglitz 210 $aOxford $cClarendon Press$d1992 215 $a1 online resource (238 p.) 300 $aDescription based upon print version of record. 311 $a0-19-828581-7 311 $a0-19-152145-0 320 $aIncludes bibliographical references (p. [209]-215) and index. 327 $aPREFACE; Contents; PART I: AN INTRODUCTION TO ISSUES AND METHODOLOGY; 1. INTRODUCTION; 1.1 Normative versus Positive Analysis; 1.2 Analysis under Limited Data Availability; 1.3 Policy and Political Economy; 1.4 General-Equilibrium Analysis; 1.5 The Structure of the Book; 1.6 The Nature of the Results; 1.7 Some Remarks on the Role of Theory; 2. THE OBJECTIVES AND INSTRUMENTS OF GOVERNMENT POLICY AND THE STRUCTURE OF THE ECONOMY IN LDCs; 2.1 Stated Objectives of Food-Related Policies; 2.2 Putting Agricultural Policies in Perspective; 2.3 The Economic Structure of LDCs; 2.4 Concluding Remarks 327 $a3. AN APPROACH TO APPLIED WELFARE ECONOMICS3.1 Introduction; 3.2 Theoretical Background; 3.3 Applied Welfare Economics for LDCs; PART II: INTER-SECTORAL TAXATION POLICIES; 4. RURAL-URBAN PRICES IN OPEN ECONOMIES; 4.1 Introduction; 4.2 A Simple Model; 4.3 Analysis of Changes in Agricultural and Industrial Prices; 4.4 Price-Productivity Effects; Appendix; 5. THE PRICE SCISSORS IN OPEN ECONOMIES; 5.1 Introduction; 5.2 Effects on the Investible Surplus of Changes in the Price Scissors; 5.3 Welfare Effects of Changing the Price Scissors; 5.4 Optimal Price Scissors; 5.5 Concluding Remarks 327 $a6. THE PRICE SCISSORS IN CLOSED AND PARTIALLY CLOSED SOCIALIST ECONOMIES6.1 Introduction; 6.2 The Model; 6.3 Reform in the Price Scissors; 6.4 Optimal Price Scissors; 6.5 Economies with Traded and Non-Traded Goods; 6.6 Concluding Remarks; Appendix; 7. THE SOVIET INDUSTRIALIZATION DEBATE AND COLLECTIVIZATION; 7.1 Introduction; 7.2 Preobrazhensky's Propositions; 7.3 The Correct Size of the Price Scissors; 7.4 Collectivization; 7.5 A Postscript on the Soviet Debate; PART III: THE RURAL SECTOR; 8. INCOME DISTRIBUTION AND ALTERNATIVE ORGANIZATIONAL FORMS WITHIN THE RURAL SECTOR; 8.1 Introduction 327 $a8.2 Distributional Effects8.3 Alternative Forms of Rural Organization; 8.4 Effects of Wages and Prices on Rural Productivity; 8.5 Concluding Remarks; 9. TAXES AND SUBSIDIES ON DIFFERENT GOODS IN THE RURAL SECTOR; 9.1 Introduction; 9.2 A General Formulation; 9.3 Informationally Parsimonious Pareto-Improving Price Reforms for Cash-Crops and Manufactured Inputs; 9.4 Should Some Cash-Crops or Manufactured Inputs be Taxed and Others Subsidized?; 9.5 Some Caveats; Appendix; PART IV: THE URBAN SECTOR; 10. THE IMPACT OF URBAN WAGE AND EMPLOYMENT DETERMINATION ON TAXATION POLICIES; 10.1 Introduction 327 $a10.2 A General Formulation of Urban Wage-Determination10.3 Urban-Rural Prices with an Endogenous Urban Wage; 10.4 Price Scissors with Endogenous Wages; 10.5 Endogenous Urban Wage versus Government-Controlled Urban Wage: Which is the Appropriate Assumption for LDCs?; 10.6 Note on the Urban Wage Fixed in Terms of the Utility Level; 10.7 Urban Unemployment; 11. SOME ASPECTS OF THE WAGE-PRODUCTIVITY HYPOTHESIS THAT ARE RELEVANT FOR TAXATION ANALYSIS; 11.1 Introduction; 11.2 Why Do Wages and Prices Affect Productivity?; 11.3 A Model of Wages, Prices, Productivity, and Unemployment 327 $a12. TAXES AND SUBSIDIES ON DIFFERENT GOODS IN THE URBAN SECTOR 606 $aRural development$zDeveloping countries 606 $aRural poor$xTaxation$zDeveloping countries 606 $aIncome distribution$zDeveloping countries 606 $aTaxation$zDeveloping countries 607 $aDeveloping countries$xEconomic policy 607 $aDeveloping countries$xEconomic conditions 608 $aElectronic books. 615 0$aRural development 615 0$aRural poor$xTaxation 615 0$aIncome distribution 615 0$aTaxation 676 $a338.90091724 700 $aSah$b Raaj Kumar$0884915 701 $aStiglitz$b Joseph E$0303847 801 0$bMiAaPQ 801 1$bMiAaPQ 801 2$bMiAaPQ 906 $aBOOK 912 $a9910454148103321 996 $aPeasants versus city-dwellers$91975861 997 $aUNINA LEADER 02328oam 2200637 450 001 9910707266803321 005 20161108131210.0 035 $a(CKB)5470000002462838 035 $a(OCoLC)951431624 035 $a(EXLCZ)995470000002462838 100 $a20160608d2016 ua 0 101 0 $aeng 135 $aurbn||||m|||| 181 $ctxt$2rdacontent 182 $cc$2rdamedia 183 $acr$2rdacarrier 200 14$aThe Communicating Lender Activity Reports from the Small Business Administration (CLEAR SBA) Act of 2015 $ereport (to accompany S. 967) 210 1$a[Washington, D.C.] :$c[U.S. Government Publishing Office],$d[2016] 215 $a1 online resource (6 pages) 225 1 $aReport / 114th Congress, 2d session, Senate ;$v114-267 300 $aTitle from title screen (viewed June 8, 2016). 300 $a"May 26, 2016." 320 $aIncludes bibliographical references. 517 $aCommunicating Lender Activity Reports from the Small Business Administration 606 $aFinancial institutions$zUnited States$vDatabases 606 $aSmall business$zUnited States$xFinance$vDatabases 606 $aDatabases$xLaw and legislation$zUnited States 606 $aCommercial loans$zUnited States 606 $aTransparency in government$zUnited States 606 $aCommercial loans$2fast 606 $aDatabases$xLaw and legislation$2fast 606 $aFinancial institutions$2fast 606 $aSmall business$xFinance$2fast 606 $aTransparency in government$2fast 607 $aUnited States$2fast 608 $aDatabases.$2fast 608 $aRules.$2fast 615 0$aFinancial institutions 615 0$aSmall business$xFinance 615 0$aDatabases$xLaw and legislation 615 0$aCommercial loans 615 0$aTransparency in government 615 7$aCommercial loans. 615 7$aDatabases$xLaw and legislation. 615 7$aFinancial institutions. 615 7$aSmall business$xFinance. 615 7$aTransparency in government. 801 0$bGPO 801 1$bGPO 801 2$bGPO 801 2$bOCLCF 801 2$bGPO 906 $aBOOK 912 $a9910707266803321 996 $aThe Communicating Lender Activity Reports from the Small Business Administration (CLEAR SBA) Act of 2015$93536939 997 $aUNINA